Central Library OPAC University of Rajshahi

Ideas in context / (Record no. 23487)

MARC details
000 -LEADER
fixed length control field 00638nam a22002411 4500
001 - CONTROL NUMBER
control field 23487
003 - CONTROL NUMBER IDENTIFIER
rucl marc code BD-RjUL
005 - DATE AND TIME OF LATEST TRANSACTION
control field 20211209000933.0
008 - FIXED-LENGTH DATA ELEMENTS--GENERAL INFORMATION
fixed length control field 140311s1958 mau 001 0 eng
035 ## - SYSTEM CONTROL NUMBER
System control number (BD-RjUL)23552
System control number (OCoLC)561838
040 ## - CATALOGING SOURCE
Original cataloging agency DLC
Transcribing agency OUrC
Modifying agency OCoLC
-- DLC
-- BD-RjUL
Language of cataloging eng
041 ## - LANGUAGE CODE
Language code of text/sound track or separate title eng
082 00 - DEWEY DECIMAL CLASSIFICATION NUMBER
Classification number 808.8
Author mark and year SAI 1958
100 1# - MAIN ENTRY--PERSONAL NAME
Personal name Satin, Joseph Henry,
Dates associated with a name 1920-
9 (RLIN) 72328
245 10 - TITLE STATEMENT
Title Ideas in context /
Statement of responsibility, etc. Joseph Satin.
260 ## - PUBLICATION, DISTRIBUTION, ETC. (IMPRINT)
Place of publication, distribution, etc. Boston :
Name of publisher, distributor, etc. Houghton Mifflin,
Date of publication, distribution, etc. c1958.
300 ## - PHYSICAL DESCRIPTION
Pagination 394 p. ;
Size 22 cm.
650 #0 - SUBJECT ADDED ENTRY--TOPICAL TERM
Topical term or geographic name as entry element Philosophy.
9 (RLIN) 72329
942 ## - ADDED ENTRY ELEMENTS (KOHA)
Source of classification or shelving scheme Dewey Decimal Classification
Koha item type Books
Holdings
Lost status Source of classification or shelving scheme Damaged status Not for loan Collection code Permanent Location Current Location Shelving location Date acquired Source of acquisition Total Checkouts Full call number Date last seen Copy number Koha item type
  Dewey Decimal Classification   Added to bundle Non-fiction Central Library, University of Rajshahi Central Library, University of Rajshahi Reading Room 09/06/1965 peace corp america   808.8 SAI 1958 11/03/2014 C-1 Books